000 00657nam a2200217Ia 4500
005 20250508164649.0
008 008 250505s9999 xx 000 0 eng d
020 _a019569920-3
037 _aTextual
040 _aFEDL
_beng
_cFEDL
041 _aeng
_2eng
084 _a305.4, MER
_qFEDL
100 _aMerry Sally Engle
245 0 _aHuman rights and gender violence : Translating international law into local justice
260 _aNew Delhi, India
_bOxford University Press
_c2009
300 _aix,269p.
365 _aINR
_b7.8
650 _aWomen - Human rights
_9778785
942 _cTEXL
_h305.4, MER
999 _c1390423
_d1390423